000 01872nam a2200325Ia 4500
999 _c47160
_d47160
001 14018
003 GE_BSU
005 20241028165557.0
008 181216s1985||||ge |||||||||||||| ||geo||
040 _cGE_BSU
041 _ageo
080 _a821.353.1-1+821.353.1-11 ჭ-15
100 _aჭავჭავაძე, ილია
_923530
245 _aრჩეული ნაწარმოებები 5 ტომად :
_bტ.1. ლექსები. პოემები. თარგმნილი ლექსები და პოემები. სცენები. პიესა /
_cსარედ. კოლეგია : გ. გვერდწითელი, ნ. დუმბაძე, რ. ინანიშვილი და სხვ. ; ტომი შეადგ. და შენიშვნ. დაურთეს ს. ცაიშვილმა და გ. გვერდწითელმა.
264 _aთბილისი :
_bსაბჭოთა საქართველო,
_c1985.
300 _a366 გვ. ;
_c21 სმ.
541 _h8ლ.
653 _aრჩეული ნაწარმოებები 5 ტომად. ტ.1
653 _aლექსები
653 _aპოემები
653 _aთარგმნილი ლექსები და პოემები
653 _aსცენები
653 _aპიესა
700 _aგვერდწითელი, გ.
_eრედაქტორი
_923531
700 _aდუმბაძე, ნ.
_eრედაქტორი
_95919
700 _aინანიშვილი, რ.
_919469
700 _aცაიშვილი, ს.
_eშემდგენელი
_95572
700 _aგვერდწითელი, გ.
_eშემდგენელი
_923532
942 _cBK
_2udc